ARRUPE JESUIT UNIVERSITY

CORONAVIRUS -STOP THE SPREAD - CLEAN,DISINFECT,COVER

The prehistory of Africa : (Record no. 128811)

MARC details
000 -LEADER
fixed length control field 01217cam a22003254a 4500
001 - CONTROL NUMBER
control field 14486927
003 - CONTROL NUMBER IDENTIFIER
control field ARRUPE
005 - DATE AND TIME OF LATEST TRANSACTION
control field 20190124095435.0
008 - FIXED-LENGTH DATA ELEMENTS--GENERAL INFORMATION
fixed length control field 060808s2006 sa ab b 000 0 eng d
010 ## - LIBRARY OF CONGRESS CONTROL NUMBER
LC control number 2006432242
020 ## - INTERNATIONAL STANDARD BOOK NUMBER
International Standard Book Number 1868422461
035 ## - SYSTEM CONTROL NUMBER
System control number (OCoLC)ocm70296313
040 ## - CATALOGING SOURCE
Original cataloging agency INU
Transcribing agency INU
Modifying agency DLC
042 ## - AUTHENTICATION CODE
Authentication code lccopycat
043 ## - GEOGRAPHIC AREA CODE
Geographic area code f------
050 00 - LIBRARY OF CONGRESS CALL NUMBER
Classification number SPC. GN281
Item number .P72 2006
300 ## - PHYSICAL DESCRIPTION
Other physical details ill., maps ;
Dimensions 22 cm.
245 04 - TITLE STATEMENT
Title The prehistory of Africa :
Remainder of title tracing the lineage of modern man /
Statement of responsibility, etc edited by Himla Soodyall.
260 ## - PUBLICATION, DISTRIBUTION, ETC. (IMPRINT)
Place of publication, distribution, etc Jeppestown [South Africa] :
Name of publisher, distributor, etc Jonathan Ball Publishers,
Date of publication, distribution, etc 2006.
300 ## - PHYSICAL DESCRIPTION
Extent xi, 189 p. :
650 #0 - SUBJECT ADDED ENTRY--TOPICAL TERM
Topical term or geographic name as entry element Human evolution
Geographic subdivision Africa.
9 (RLIN) 44131
650 #0 - SUBJECT ADDED ENTRY--TOPICAL TERM
Topical term or geographic name as entry element Social evolution
Geographic subdivision Africa.
9 (RLIN) 44132
650 #0 - SUBJECT ADDED ENTRY--TOPICAL TERM
Topical term or geographic name as entry element Human population genetics
Geographic subdivision Africa.
9 (RLIN) 44133
650 #0 - SUBJECT ADDED ENTRY--TOPICAL TERM
Topical term or geographic name as entry element Paleoanthropology
Geographic subdivision Africa.
9 (RLIN) 44134
650 #0 - SUBJECT ADDED ENTRY--TOPICAL TERM
Topical term or geographic name as entry element Prehistoric peoples
Geographic subdivision Africa.
9 (RLIN) 12450
650 #0 - SUBJECT ADDED ENTRY--TOPICAL TERM
Topical term or geographic name as entry element Anthropology, Prehistoric
Geographic subdivision Africa.
9 (RLIN) 44135
700 1# - ADDED ENTRY--PERSONAL NAME
Personal name Soodyall, Himla.
9 (RLIN) 44136
856 41 - ELECTRONIC LOCATION AND ACCESS
Materials specified Table of contents only
Uniform Resource Identifier <a href="http://www.loc.gov/catdir/toc/fy0613/2006432242.html">http://www.loc.gov/catdir/toc/fy0613/2006432242.html</a>
906 ## - LOCAL DATA ELEMENT F, LDF (RLIN)
a 7
b cbc
c copycat
d 3
e ncip
f 20
g y-gencatlg
942 ## - ADDED ENTRY ELEMENTS (KOHA)
Source of classification or shelving scheme Library of Congress Classification
Koha item type SPC
Holdings
Withdrawn status Lost status Source of classification or shelving scheme Damaged status Not for loan Collection code Home library Current library Shelving location Date acquired Total Checkouts Full call number Barcode Date last seen Price effective from Koha item type
    Library of Congress Classification     SPECIAL Collection ARRUPE LIBRARY ARRUPE LIBRARY REFERENCE 24/01/2019   SPC. GN281 .P72 2006 46600003402 24/01/2019 24/01/2019 SPC

 

Arrupe Library. PO Box MP320 Mt Pleasant, Harare, Zimbabwe
263 242 745411|librarian@aju.ac.zw